01126cam a22002771 4500001001300000003000400013005001700017008004100034010001700075035002000092040004600112042001200158050001700170100002800187245005500215260007800270300001700348490004500365490004000410500014000450500007100590651004900661830004500710830007600755999001700831sd 61000008 DLC20260227112736.0920417r19611961dcu f000 0 eng c asd 61000008  a(OCoLC)25667789 aU.S. Dept. of State. LibrarycDSdDSdDLC apremarc00aE183.7b.R961 aRusk, Dean,d1909-1994.12aA fresh look at the formulation of foreign policy. a[Washington,bOffice of Public Services, Bureau of Public Affairs,c1961] a5 p.c26 cm.1 a[U.S.] Dept. of State. Publicationv71661 aGeneral foreign policy series,v163 a"Informal remarks made ... to the policy-making officers of the Department of State in the Department auditorium on February 20, 1961." aReprinted from the Department of State Bulletin of March 20, 1961. 0aUnited StatesxForeign relationsy1961-1963. 0aDepartment of State publication ;v7166. 0aDepartment of State publication.pGeneral foreign policy series ;v163. c90080d90080